000 00932nam a22002657a 4500
005 20240530110358.0
008 150115q2006 ua g 000 0 ara d
017 _a2006/17211
_bمصر . دار الكتب المصرية
020 _a9774310454
040 _aEG-CaGPL
041 0 _aara
082 0 4 _221
_a155.4\
_bح ا
100 0 _aحسين على فايد
245 1 0 _aاساءة و اهمال الطفل /
_cحسين على فايد
260 _aالقاهرة :
_bمؤسسة طيبة للنشر و التوزيع ،
_c[ 2006 ]
300 _a139 ص ؛
_c24 سم
490 _aسلسلة علم النفس
650 0 4 _aالاطفال
_xعلم نفس
650 0 4 _aالاطفال
_xتربية
650 0 4 _aاداب السلوك للاطفال و الشباب
650 0 4 _aالاطفال
_xرعاية
650 0 4 _aالاطفال
_xاهمال
942 _2ddc
_cBK
999 _c60204
_d60204